00893 2200325 4500001002100000005001500021035002000036007000300056040001700059100003000076245004400106250001000150300003500160020001800195041000800213082001000221084001600231090002200247264003800269336002100307337003000328338002300358650002300381850001000404008004100414504002500455260004300480990002200523990002200545INLIS00000000000945820260420101924 a0010-1222000063ta aSBPUPADbind0 aArief Budiman:ePengarang1 aMeneteskan Telur Walet /cArief Budiman aCet.2 aviii 88 hlm. :bilus. ;c21 cm a979-489-611-X07aind a636.6 a636.6 ARI m a631.1 WHO b 14-1 aJakarta :bPenebar Swadaya,c2002 2rdacontentateks 2rdamediaatanpa perantara 2rdacarrieravolume 4aTeknologi terampil aPUPAD260420 0  abibiliografi, hlm 86 aJakarta :bSunda Kelapa Pustaka,c2007 a3648/B/ARPUS/2008 a1965/B/ARPUS/2008